The Australian stock exchange : (Record no. 59650)
[ view plain ]
| 000 -LEADER | |
|---|---|
| fixed length control field | 00877nam a2200217 a 4500 |
| 001 - CONTROL NUMBER | |
| control field | 59650 |
| 003 - CONTROL NUMBER IDENTIFIER | |
| rucl marc code | BD-RjUL |
| 005 - DATE AND TIME OF LATEST TRANSACTION | |
| control field | 20211209080744.0 |
| 008 - FIXED-LENGTH DATA ELEMENTS--GENERAL INFORMATION | |
| fixed length control field | 161226s1935 enk 001 0 eng d |
| 035 ## - SYSTEM CONTROL NUMBER | |
| System control number | (BD-RjUL)59774 |
| 040 ## - CATALOGING SOURCE | |
| Original cataloging agency | ANL |
| Language of cataloging | eng |
| Transcribing agency | ANL |
| Modifying agency | BD-RjUL |
| 041 ## - LANGUAGE CODE | |
| Language code of text/sound track or separate title | eng |
| 082 14 - DEWEY DECIMAL CLASSIFICATION NUMBER | |
| Classification number | 332.64294 |
| Edition number | 23 |
| Author mark and year | RYA 1935 |
| 100 1# - MAIN ENTRY--PERSONAL NAME | |
| Personal name | Rydge, N. B. |
| Fuller form of name | (Norman Bede), |
| Dates associated with a name | 1900- |
| 9 (RLIN) | 177490 |
| 245 14 - TITLE STATEMENT | |
| Title | The Australian stock exchange : |
| Remainder of title | being an explanation of the functions of the Australian stock exchanges, a consideration of the principles involved in speculation and investment, and a commentary upon the essential features involved in the selection of sound investments / |
| Statement of responsibility, etc. | by Norman Bede Rydge. |
| 260 ## - PUBLICATION, DISTRIBUTION, ETC. (IMPRINT) | |
| Place of publication, distribution, etc. | Sydney : |
| Name of publisher, distributor, etc. | Rydge's Business Journal, |
| Date of publication, distribution, etc. | 1935 |
| 300 ## - PHYSICAL DESCRIPTION | |
| Pagination | 144 p. ; |
| Size | 22 cm. |
| 500 ## - GENERAL NOTE | |
| General note | Includes index. |
| 650 #0 - SUBJECT ADDED ENTRY--TOPICAL TERM | |
| Topical term or geographic name as entry element | Stock exchanges |
| Geographic subdivision | Australia. |
| 9 (RLIN) | 177491 |
| 942 ## - ADDED ENTRY ELEMENTS (KOHA) | |
| Source of classification or shelving scheme | Dewey Decimal Classification |
| Koha item type | Books |
| Lost status | Source of classification or shelving scheme | Damaged status | Not for loan | Collection code | Permanent Location | Current Location | Shelving location | Date acquired | Source of acquisition | Total Checkouts | Full call number | Date last seen | Copy number | Koha item type |
|---|---|---|---|---|---|---|---|---|---|---|---|---|---|---|
| Dewey Decimal Classification | Not For Loan | Non-fiction | Central Library, University of Rajshahi | Central Library, University of Rajshahi | Reading Room | 19/04/1966 | Commonweaith, Australia | 332.64294 RYA 1935 | 26/12/2016 | C-1 | Books |